Первыми вставали храбрые

Бібліографічні деталі
Автор: Башков В. П. Владимир Павлович
Інші автори: Шарлапов П. Н. Павел Никитович (иллюстратор), Алтунин А.
Мова:Російська
Опубліковано: Москва, Московский рабочий, 1984
Предмети:
Формат: MixedMaterials Книга
KOHA link:https://koha.lib.tpu.ru/cgi-bin/koha/opac-detail.pl?biblionumber=168109

MARC

LEADER 00000nam0a2200000 4500
001 168109
005 20231031163018.0
020 |a RU  |b 84-48845 
035 |a (RuTPU)RU\TPU\book\182389 
090 |a 168109 
100 |a 20091023d1984 m y0rusy5003 ca 
101 0 |a rus 
102 |a RU 
105 |a a z 000ay 
200 1 |a Первыми вставали храбрые  |f В. П. Башков, П. Н. Шарлапов  |g худож. А. Алтунин 
210 |a Москва  |c Московский рабочий  |d 1984 
215 |a 174 с.  |c ил.  |d 20 см 
610 1 |a битва под Москвой 
675 |a 9(С)27  |z rus 
700 1 |a Башков  |b В. П.  |g Владимир Павлович  |4 070 
701 1 |a Шарлапов  |b П. Н.  |g Павел Никитович  |4 070 
702 1 |a Алтунин  |b А.  |4 440 
801 0 |a RU  |b RuMRKP  |c 19950704  |g psbo 
801 1 |a RU  |b 63413507  |c 20091023 
801 2 |a RU  |b 63413507  |c 20140212  |g RCR 
942 |c BK